header

Thinking in circles (Record no. 227142)

MARC details
000 -LEADER
fixed length control field 01868nam a2200397 a 4500
082 04 - DEWEY DECIMAL CLASSIFICATION NUMBER
Classification number 808
100 1# - MAIN ENTRY--AUTHOR NAME
Personal name Douglas, Mary,
245 10 - TITLE STATEMENT
Title Thinking in circles
260 ## - PUBLICATION, DISTRIBUTION, ETC. (IMPRINT)
Place of publication New Haven :
Name of publisher Yale University Press,
Year of publication c2007.
300 ## - PHYSICAL DESCRIPTION
Number of Pages xv, 169 p. :
Other physical details ill.
490 1# - SERIES STATEMENT
Series statement Terry lecture series
505 0# - FORMATTED CONTENTS NOTE
Formatted contents note Ancient rings worldwide -- Modes and genres -- How to construct and recognize a ring -- Alternating bands : numbers -- The central place : numbers -- Modern, not-quite rings -- Tristram Shandy : testing for ring shape -- Two central places, two rings : the Iliad -- Alternating nights and days : the Iliad -- The ending : how to complete a ring -- The latch : Jakobson's conundrum.
650 #0 - SUBJECT ADDED ENTRY--TOPICAL TERM
Topical Term Narration (Rhetoric)
856 40 - ELECTRONIC LOCATION AND ACCESS
Uniform Resource Identifier http://site.ebrary.com/lib/rucke/Doc?id=10210271

No items available.

© 2026 Rongo University
Contact us: librarian | system librarian | Rongo university